Fiction as window: (Record no. 27499)

MARC details
000 -LEADER
fixed length control field 00885nam a22002298a 4500
005 - DATE AND TIME OF LATEST TRANSACTION
control field 20090616134013.0
008 - FIXED-LENGTH DATA ELEMENTS--GENERAL INFORMATION
fixed length control field 090417s2009 ii 000 0 eng
010 ## - LCCN (DPL NO)
LC control number ENG-94021
020 ## - INTERNATIONAL STANDARD BOOK NUMBER
International Standard Book Number 9788125036579
Terms of availability 330.00
035 ## - SYSTEM CONTROL NUMBER
System control number EN-77554
037 ## - SOURCE OF ACQUISITION
Source of stock number/acquisition DBAD / PUB
040 ## - CATALOGING SOURCE
Original cataloging agency dpl
Language of cataloging English
082 ## - DEWEY DECIMAL CLASSIFICATION NUMBER
Classification number 883.08
100 ## - MAIN ENTRY--PERSONAL NAME
Personal name Padma, V.
245 ## - TITLE STATEMENT
Title Fiction as window:
Statement of responsibility, etc by V. Padma
Remainder of title critiquing the Indian literary cultural ethos since the 1980s /
260 ## - PUBLICATION, DISTRIBUTION, ETC. (IMPRINT)
Place of publication, distribution, etc New Delhi
Name of publisher, distributor, etc Orient Blackswan
Date of publication, distribution, etc 2009
270 ## - ADDRESS
Address 1/24, Asaf Ali Road,
City New Delhi
Postal code 110002
300 ## - PHYSICAL DESCRIPTION
Extent ix, 253p.
Dimensions 22cm(pbk)
500 ## - GENERAL NOTE
General note Includes bibliographical references and index
942 ## - ADDED ENTRY ELEMENTS (KOHA)
Source of classification or shelving scheme Dewey Decimal Classification
Item type English Books
Call number suffix PAD
Classification part 883.08
Holdings
Withdrawn status Lost status Source of classification or shelving scheme Damaged status Not for loan Home library Current library Date acquired Source of acquisition Cost, normal purchase price Total Checkouts Full call number Barcode Date last seen Copy number Cost, replacement price Koha item type
    Dewey Decimal Classification   Not For Loan D.B.Act.Division D.B.Act.Division 16/06/2009 DBAD / PUB 330.00   883.08 PAD EN-77554 16/06/2009 1 330.00 English Books

© Delhi Public Library
Hit Counter
free hit counter